Rataj, Tomáš. České země ve stínu půlměsíce. - Praha
| Titel: | Rataj, Tomáš. České země ve stínu půlměsíce. - Praha : Scriptorium. - 2002 [Rezension] |
|---|---|
| Verfasser: | |
| In: |
Acta Comeniana, Band 15-16 (39-40) (2002), Seite 389-392 alle Artikel anzeigen |
| Veröffentlicht: | 2002 |
| Format: | Aufsatz |
| Sprache: | Tschechisch |
X
alg: 39518250 001A $01999:12-11-16 001B $01999:23-03-23 $t08:31:32.000 001D $01999:12-11-16 001U $0utf8 001X $00 002@ $0Aox 003@ $0395182506 007A $0395182506 $aHEB 007T $0Herdp10297 010@ $acze 011@ $a2002 021A $aRataj, Tomáš. @České země ve stínu půlměsíce. - Praha $dScriptorium. - 2002 [Rezension] 028A $aŠtěpánek $dPetr 031A $d15-16 (39-40) $h389-392 $j2002 039B $aIn $8--Abvc--. Acta Comeniana. - Praha : Filosofia, 1969-. - ISSN 0231-5955 $x200200000150000611 $9047438355 039T $8--Aau--Rataj, Tomáš [Tnx]. České země ve stínu půlměsíce. - Vyd. 1.. - Praha : Scriptorium, 2002. - 423 Seiten. - Illustrationen. - ISBN 80-86197-31-X $9106951246 045F $a900.94371 $eDDC23BSB 045F/01 $a900 045F/03 $g4371 045T $a5,3 $a7,41 lok: 39518250 78 exp: 39518250 78 1 #EPN 201B/01 $026-11-17 $t04:08:20.000 201U/01 $0utf8 203@/01 $0791494632 208@/01 $a12-11-16 $be 209A/01 $a/ $f000 $x00 220C/01 $aTitelaufnehmer: rb 220C/01 $aHerkunft: HÚ AV ČR Praha 244Z/01 $#Tschechien $#Tschechische Republik $#Tschechische Republik $#Tschechenland $#Tschechei Tschechien $#Česká Republika $#Czech Republic $#ČR $74303381-7 $8--Tg1--Tschechien $x01 $9086659812 244Z/01 $2Trx $#Böhmen $#Bohemia $#Czechy $8--Trx--Čechy $x02 $9391188941 244Z/01 $2Trx $#arvustused $#recenzijos $#Reviews $#recenziók $#recenzje $#recenzie $#recenze $8--Trx--Rezensionen $x03 $9391357441 247C/01 $82080>Marburg/Lahn, Herder-Institut, Forschungsbibliothek, Bibliographieportal $9336309341
| LEADER | 00000caa a22000002c 4500 | ||
|---|---|---|---|
| 001 | 395182506 | ||
| 003 | DE-603 | ||
| 005 | 20230323083132.0 | ||
| 007 | tu | ||
| 008 | 161112s2002 xx |||| | u00||u|cze c | ||
| 035 | |a (DE-599)HEB395182506 | ||
| 040 | |a DE-603 |b ger |c DE-603 |d DE-603 | ||
| 041 | |a cze | ||
| 082 | 0 | 4 | |8 1\u |a 900.94371 |q DE-101 |2 23/BSB |
| 084 | |a 5,3 |a 7,41 |2 ssgn | ||
| 085 | |8 1\u |b 900 | ||
| 085 | |8 1\u |z 2 |s 4371 | ||
| 100 | 1 | |a Štěpánek, Petr | |
| 245 | 0 | 0 | |a Rataj, Tomáš. České země ve stínu půlměsíce. - Praha |b Scriptorium. - 2002 [Rezension] |
| 264 | 0 | |c 2002 | |
| 773 | 0 | 8 | |i In |t Acta Comeniana |d Praha : Filosofia, 1969- |x 0231-5955 |g Band 15-16 (39-40) (2002), Seite 389-392 |w (DE-603)047438355 |w (DE-600)253066-1 |
| 787 | 0 | 8 | |i Rezension von |a Rataj, Tomáš |t České země ve stínu půlměsíce |b Vyd. 1. |d Praha : Scriptorium, 2002 |h 423 Seiten, Illustrationen |z 808619731X |w (DE-603)106951246 |
| 924 | 0 | |9 2080 |a (DE-603)791494632 |b DE-2080 |c HES |d d |g / | |


